Normal view MARC view
  • Abstracts-Computer science

Entry Topical Term

Number of records used in: 1

001 - CONTROL NUMBER

  • control field: 100233

003 - CONTROL NUMBER IDENTIFIER

  • control field: NUST

005 - DATE AND TIME OF LATEST TRANSACTION

  • control field: 20221013172539.0

008 - FIXED-LENGTH DATA ELEMENTS

  • fixed length control field: 221013|| aca||aabn | a|a d

040 ## - CATALOGING SOURCE

  • Original cataloging agency: NUST
  • Transcribing agency: NUST

150 ## - HEADING--TOPICAL TERM

  • Topical term or geographic name entry element: Abstracts-Computer science

670 ## - SOURCE DATA FOUND

  • Source citation: Work cat.: (NUST)175517: Dale, Nell 60989, Abstract :, 1996
© 2023 Central Library, National University of Sciences and Technology. All Rights Reserved.